Search the Library Catalogue
| 000 -LEADER | |
|---|---|
| fixed length control field | 00582nam a2200193 4500 |
| 008 - FIXED-LENGTH DATA ELEMENTS--GENERAL INFORMATION | |
| fixed length control field | 260505b |||||||| |||| 00| 0 eng d |
| 020 ## - INTERNATIONAL STANDARD BOOK NUMBER | |
| ISBN | 9781853599668 |
| Paper back/Hardbound | pbk |
| 041 ## - LANGUAGE CODE | |
| Language code of text/sound track or separate title | eng |
| 082 ## - DEWEY DECIMAL CLASSIFICATION NUMBER | |
| Classification number | 401.93 LEN |
| 100 ## - MAIN ENTRY--AUTHOR NAME | |
| Personal name | Lengyel,Zsolt |
| 245 ## - TITLE STATEMENT | |
| Title | Second Language Lexical Processes: |
| Sub Title | Applied Linguistic and Psycholinguistic Perspectives, |
| Statement of responsibility, etc | Zsolt Lengyel |
| 260 ## - PUBLICATION, DISTRIBUTION, ETC. (IMPRINT) | |
| Place of publication | United Kingdom |
| Name of publisher | Multilingual Matters LTD |
| Year of publication | 2007 |
| 300 ## - PHYSICAL DESCRIPTION | |
| Number of Pages | 191p. : |
| Dimensions | 20cm. |
| 504 ## - BIBLIOGRAPHY, ETC. NOTE | |
| Bibliography, etc | Includes index |
| 650 ## - SUBJECT ADDED ENTRY--TOPICAL TERM | |
| Topical Term | Philosophy & theory |
| 700 ## - ADDED ENTRY--PERSONAL NAME | |
| Personal name | Judit Navracsics |
| 942 ## - ADDED ENTRY ELEMENTS (KOHA) | |
| Koha item type | English Books |
| Withdrawn status | Lost status | Damaged status | Not for loan | Home library | Current library | Shelving location | Date acquired | Full call number | Accession Number | Price effective from | Koha item type |
|---|---|---|---|---|---|---|---|---|---|---|---|
| Anna Centenary Library | Anna Centenary Library | 4TH FLOOR, A WING | 05.05.2026 | 401.93 LEN | 400501 | 05.05.2026 | English Books |